000 00840nam a2200253 a 4500
005 20251128063952.0
008 130228s1987 mx erz f001 e spa d
020 _a9682913527
035 _aUPN01000189941
040 _aMX-MxUPN
_bspa
_cMX-MxUPN
041 _aspa
049 _aUNE
050 _aJA84
_bM33 1987
100 1 _aMadrid Hurtado, Miguel de la,
_d1934-2012
_929216
245 0 0 _aUniversidad y Estado :
_bperfiles de una relación.
260 _aMéxico :
_bSecretaría de Educación Pública,
_c1987.
300 _a133 páginas
490 _aForo 2000
500 _alibros de expresión y análisis de problemas actuales de México
650 4 _aEducación superior y Estado
_zMéxico
_ySiglo XXI
_953634
650 4 _aPolíticas de educación
_91460
902 _aMaiella Martínez / 28082025
942 _2lcc
_cLIBRO
_n0
999 _c162044
_d162044